000 00689nam a2200289Ia 4500
005 20260324144249.0
008 008 260324s9999 xx 000 0 eng d
020 _a9781315493497
037 _aEBOOK
040 _aCRL
040 _beng
040 _cCRL
041 _2eng
041 _aeng
084 _qCRL
100 _aPat Howard
_91218677
245 0 _aBreaking the Iron Rice Bowl
245 0 _bProspects for Socialism in China's Countryside
260 _bTaylor and Francis
260 _c1988
365 _a
365 _b145
856 _uhttp://www.taylorfrancis.com/books/9781315493497
942 _cEBOOK
999 _c1825081
_d1825081